Deutsche Songs an der ersten Strophe erkennen - Statistiken

Allgemein
  • Dieses Quiz wurde 457 mal gespielt
  • Das Durchschnittsergebnis liegt bei 9 aus 15
Antwortstatistiken
Hint Antwort % Korrekt
Hast du etwas Zeit für mich? Dann singe ich ein Lied für dich Nena - 99 Luftballons
98%
Du bist hamma! Wie du dich bewegst in dei'm Outfit Hamma! Einzigartig, unglaublich Culcha Candela - Hamma!
87%
Ich und mein Holz Ich und mein Holz 257ers - Holz
84%
Wer friert uns diesen Moment ein Besser kann es nicht sein Andreas Bourani - Auf uns
84%
Ich ging wie ein Ägypter, hab' mit Tauben geweint War ein Voodoo-Kind, wie ein rollender Stein Adel Tawil – Lieder
81%
Ich wart’ seit Wochen auf diesen Tag Und tanz’ vor Freude über den Asphalt Die Toten Hosen - Tage wie diese
66%
Ist meine Hand eine Faust
Machst du sie wieder auf
Und legst die deine in meine
Sportfreunde Stiller - Applaus, Applaus
54%
In diesem Haus, wo ich wohn' Hier ist alles so gewohnt So zum Kotzen vertraut Mark Forster - Au Revoir
53%
Ich hör die Möwen sing'n am Hafen Das letzte Lied zum Rausschmiss Udo Lindenberg x Apache 207 – Komet
51%
Baby, nimm meine Hand, ich hab alles schon gepackt, komm, wir beide gehen weg von hier Sieh, der Jet ist getankt, ich hab Geld auf der Bank und noch jede Menge Plätze hier CRO - Traum
44%
Es fällt mir schwer Ohne dich zu leben Unheilig - Geboren um zu leben
44%
Der Applaus ist längst vorbei
Und dein Herz schwer wie Blei
Jeder redet auf dich ein
Trotzdem bist du so allein
Sarah Connor - Wie schön Du bist
33%
Gib mir ein schlaues Buch, ich mach' die Augen zu Schönheitsschlaf Alligatoah - Du bist schön
28%
Alle meine Freunde sagen: "Lass die Finger von ihr" Denn ich bin kaum noch zu ertragen, ich red immer von dir SDP feat. Adel Tawil - Ich will nur dass du weißt
28%
Das Fenster öffnet sich nicht mehr
Hier drin ist es voll von dir und leer
Und vor mir geht die letzte Kerze aus
Tokio Hotel - Durch Den Monsun
26%
Keine übereinstimmenden Quizze gefunden
Verteilung der Resultate
Anzahl Personen mit jedem Resultat
Perzentil nach korrekt beantworteten Fragen
Ihre Resultats-Entwicklung
Sie haben dieses Quiz noch nicht gespielt